[Event "SVK 3.liga A2"]
[Site "?"]
[Date "2019.10.20"]
[Round "2.1"]
[White "Dobis, Pavol"]
[Black "Zajicek, Ferdinand"]
[Result "1/2-1/2"]
[WhiteElo "1575"]
[BlackElo "1686"]
[PlyCount "81"]
[EventDate "2019.10.06"]

1. d4 c5 2. c4 cxd4 3. Qxd4 Nc6 4. Qc3 Nf6 5. Nd2 e5 6. e3 Be7 7. a3 O-O 8.
Ngf3 d6 9. h3 Bf5 10. Be2 Bg6 11. O-O Rc8 12. b4 a6 13. Bb2 Qc7 14. Nh4 Ne4 15.
Nxe4 Bxe4 16. Nf3 Bf6 17. Nd2 Bg6 18. Qb3 Qe7 19. Bd3 Bxd3 20. Qxd3 Qe6 21. Ne4
Be7 22. Rad1 Rfd8 23. Qd5 Qxd5 24. Rxd5 f5 25. Ng3 g6 26. Ne2 Rc7 27. f4 Kf7
28. Rfd1 Rdc8 29. b5 axb5 30. cxb5 Na5 31. fxe5 dxe5 32. Bxe5 Rc2 33. Kf1 Nc4
34. Bf4 g5 35. Rxf5+ Kg6 36. Rdd5 gxf4 37. Nxf4+ Kg7 38. Nh5+ Kh8 39. Rd3 Nd6
40. Re5 Ra2 41. Kg1 1/2-1/2

[Event "SVK 3.liga A2"]
[Site "?"]
[Date "2019.10.20"]
[Round "2.1"]
[White "Ralbovsky, Milan"]
[Black "Libich, Oliver"]
[Result "1-0"]
[WhiteElo "1274"]
[BlackElo "1279"]
[PlyCount "81"]
[EventDate "2019.10.06"]

1. e4 e5 2. Nf3 Nc6 3. Bb5 d6 4. Bxc6+ bxc6 5. d3 Bg4 6. Be3 Ne7 7. h3 Bh5 8.
Nbd2 Bxf3 9. Qxf3 Ng6 10. O-O-O d5 11. Nb3 d4 12. Bd2 Be7 13. Na5 Qd7 14. Qg4
Rb8 15. Qxd7+ Kxd7 16. g3 Bb4 17. Nc4 Bxd2+ 18. Rxd2 Rhf8 19. Rf1 f5 20. h4
Rbe8 21. h5 Nh8 22. f4 fxe4 23. dxe4 Nf7 24. fxe5 Ke6 25. Rxd4 Nxe5 26. Rxf8
Rxf8 27. Nxe5 Kxe5 28. Rd7 Kxe4 29. Rxg7 Ke3 30. b3 Kf3 31. g4 Kf4 32. Rxc7
Kxg4 33. Rxh7 Kg5 34. Rxa7 Kxh5 35. Rc7 Ra8 36. Kb2 Ra6 37. Kc3 Kg6 38. a4 Kf6
39. Kc4 Ke6 40. Kc5 Ke5 41. Rxc6 1-0

[Event "SVK 3.liga A2"]
[Site "?"]
[Date "2019.10.20"]
[Round "2.2"]
[White "Kalmar, Tamas"]
[Black "Vodicka, Michal"]
[Result "1-0"]
[WhiteElo "2069"]
[BlackElo "1936"]
[PlyCount "133"]
[EventDate "2019.10.06"]

1. d4 e6 2. c4 Nf6 3. Nf3 b6 4. g3 Bb7 5. Bg2 d5 6. O-O Be7 7. Qa4+ Qd7 8. Qc2
Nc6 9. Bf4 Nb4 10. Qd1 c5 11. dxc5 Bxc5 12. Ne5 Qc8 13. Qa4+ Nc6 14. Nc3 O-O
15. cxd5 exd5 16. Nd3 Nd4 17. Be5 Bc6 18. Qd1 Qf5 19. Nxc5 Qxe5 20. Nd3 Qe7 21.
Nf4 Ne6 22. Nfxd5 Nxd5 23. Nxd5 Bxd5 24. Qxd5 Rad8 25. Qe5 Qc5 26. Qxc5 Nxc5
27. Rfd1 Rfe8 28. Bf3 Kf8 29. b3 Ke7 30. Kf1 f5 31. Ke1 Kf6 32. Rxd8 Rxd8 33.
Rd1 Re8 34. b4 Ne4 35. Rd7 Ng5 36. Bc6 a5 37. Rd6+ Re6 38. Rxe6+ Nxe6 39. bxa5
bxa5 40. Kd2 Ke5 41. e3 Kd6 42. Bg2 Kc5 43. Kc3 Nc7 44. h3 h6 45. Bf3 a4 46. a3
Nb5+ 47. Kb2 Nd6 48. Kc3 Nb5+ 49. Kb2 Nd6 50. Bd1 Nc4+ 51. Kc3 Nxa3 52. Bxa4
Nb1+ 53. Kd3 Na3 54. Bd7 g6 55. Be8 Nc4 56. f4 g5 57. Bf7 Nd6 58. Be6 Ne4 59.
fxg5 hxg5 60. Bxf5 Nxg3 61. Bg6 Kd5 62. Kd2 Ke5 63. Ke1 Nf5 64. Bxf5 Kxf5 65.
Kf2 Ke4 66. Kg3 Kf5 67. Kf3 1-0

[Event "SVK 3.liga A2"]
[Site "?"]
[Date "2019.10.20"]
[Round "2.2"]
[White "Podjavorinsky, Michal"]
[Black "Merva, Frantisek"]
[Result "1-0"]
[WhiteElo "1959"]
[BlackElo "2053"]
[PlyCount "97"]
[EventDate "2019.10.06"]

1. e4 c5 2. Nc3 d6 3. d3 Nc6 4. g3 g6 5. Bg2 Bg7 6. Be3 e5 7. Qd2 Nge7 8. Bh6
O-O 9. h4 f6 10. Bxg7 Kxg7 11. h5 g5 12. h6+ Kh8 13. f4 exf4 14. gxf4 g4 15.
O-O-O Nd4 16. Nge2 Qa5 17. Rh5 f5 18. Qe3 Nec6 19. exf5 Bd7 20. Bxc6 Nxc6 21.
d4 Rae8 22. Qf2 Bxf5 23. dxc5 Qxc5 24. Qxc5 dxc5 25. a3 g3 26. Rg5 Bg6 27. Nxg3
Rxf4 28. Nce2 Rh4 29. Rxc5 Rxh6 30. Nf4 Re3 31. Nf5 Bxf5 32. Rxf5 Re8 33. Rf7
Rh4 34. Nd3 b6 35. Rg1 Nd4 36. Kb1 Rh2 37. c3 Rd2 38. cxd4 Rxd3 39. Rh1 Rxd4
40. Rfxh7+ Kg8 41. Rh8+ Kf7 42. R1h7+ Kg6 43. Rxe8 Kxh7 44. Re7+ Kg6 45. Rxa7
Rd2 46. Rc7 Kf6 47. Rc6+ Ke5 48. Rxb6 Kd4 49. Rd6+ 1-0

[Event "SVK 3.liga A2"]
[Site "?"]
[Date "2019.10.20"]
[Round "2.2"]
[White "Meszaros, Lorant"]
[Black "Siska, Kristof"]
[Result "0-1"]
[WhiteElo "1959"]
[BlackElo "1816"]
[PlyCount "93"]
[EventDate "2019.10.06"]

1. d4 Nf6 2. c4 e6 3. g3 c5 4. d5 exd5 5. cxd5 d6 6. Nc3 g6 7. Bg2 Bg7 8. Nf3
O-O 9. O-O Re8 10. Bf4 Nh5 11. Bg5 Qb6 12. Qc2 Bf5 13. Qa4 Bd7 14. Qc2 Na6 15.
a3 Rac8 16. e4 Nc7 17. Nd2 Nb5 18. Nxb5 Bxb5 19. Rfe1 Qa6 20. g4 Nf6 21. h3 Nd7
22. f4 Bd3 23. Qd1 Bd4+ 24. Kh1 Bf2 25. Rf1 Bxf1 26. Bxf1 Qb6 27. f5 Ne5 28.
Bf4 Bd4 29. Rb1 Qd8 30. Bxe5 Bxe5 31. Nf3 Bg7 32. Qc2 c4 33. Re1 Qf6 34. g5
Qxb2 35. Re2 Qxc2 36. Rxc2 gxf5 37. exf5 Re3 38. Kg2 Be5 39. a4 Ra3 40. Nxe5
dxe5 41. d6 c3 42. g6 hxg6 43. fxg6 Rb3 44. gxf7+ Kf8 45. Kg1 Rb2 46. d7 Rd8
47. Rxc3 0-1

[Event "SVK 3.liga A2"]
[Site "?"]
[Date "2019.10.20"]
[Round "2.2"]
[White "Strapko, Tomas"]
[Black "Szocs, Ladislav"]
[Result "1/2-1/2"]
[WhiteElo "1885"]
[BlackElo "1771"]
[PlyCount "101"]
[EventDate "2019.10.06"]

1. e4 d5 2. exd5 Nf6 3. d4 Nxd5 4. Nf3 Bg4 5. Be2 e6 6. O-O Be7 7. c4 Nb6 8. h3
Bh5 9. Nc3 Nc6 10. Be3 Bxf3 11. Bxf3 Nxc4 12. Bxc6+ bxc6 13. Qa4 Nb6 14. Qxc6+
Qd7 15. Qxd7+ Kxd7 16. Rfc1 Rac8 17. Ne4 Rhd8 18. Nc5+ Ke8 19. Nb7 Rd5 20. Rc6
Bf6 21. Rac1 Bxd4 22. Bxd4 Rxd4 23. Rxc7 Rxc7 24. Rxc7 Rd1+ 25. Kh2 Rd2 26. Kg3
Rd7 27. Rxd7 Kxd7 28. Nc5+ Kc6 29. Ne4 f6 30. Kf3 a6 31. Nd2 Kd5 32. Ke3 Na4
33. b3 Nb6 34. a3 f5 35. f4 h6 36. h4 Nd7 37. b4 e5 38. fxe5 Nxe5 39. a4 g5 40.
hxg5 hxg5 41. g3 f4+ 42. gxf4 gxf4+ 43. Kxf4 Nd3+ 44. Ke3 Nxb4 45. Nb3 Kc4 46.
Na5+ Kc3 47. Nb7 Nd3 48. a5 Nb2 49. Nc5 Nc4+ 50. Ke4 Nxa5 51. Nxa6 1/2-1/2

[Event "SVK 3.liga A2"]
[Site "?"]
[Date "2019.10.20"]
[Round "2.2"]
[White "Both, Lajos"]
[Black "Miciak, Emanuel"]
[Result "0-1"]
[WhiteElo "1712"]
[BlackElo "1799"]
[PlyCount "120"]
[EventDate "2019.10.06"]

1. Nf3 Nf6 2. c4 c6 3. b3 d5 4. Bb2 Bf5 5. g3 e6 6. Bg2 h6 7. O-O Bd6 8. d4
Nbd7 9. Nc3 O-O 10. cxd5 exd5 11. e3 Re8 12. Re1 Ne4 13. Nd2 Nxc3 14. Bxc3 Nf6
15. b4 h5 16. h3 Qd7 17. h4 Re7 18. a3 Rae8 19. Nf1 Be4 20. f3 Bf5 21. Re2 Qc7
22. Be1 Nh7 23. Qd2 Re6 24. Bf2 Qe7 25. Rae1 Nf6 26. Qd1 a6 27. Qd2 a5 28. bxa5
Bxa3 29. Ra1 Bb4 30. Qd1 Ra8 31. a6 bxa6 32. Ra4 a5 33. Qb3 c5 34. dxc5 Bxc5
35. Be1 Rea6 36. Bf2 Bd7 37. Ra1 a4 38. Qd3 g6 39. Ree1 Ra5 40. Red1 Bf5 41.
Qd2 a3 42. Ra2 Be6 43. Rc1 Bb4 44. Qd4 Ra4 45. Nd2 Bd6 46. Qd3 Be5 47. Nb3 Bb2
48. Re1 Qb4 49. Nd4 Qc4 50. Qxc4 dxc4 51. Nxe6 fxe6 52. f4 Rd8 53. Bc6 Rb4 54.
Kf1 c3 55. e4 Ng4 56. e5 c2 57. Raa1 Bxa1 58. Bc5 Rb1 59. Bxa3 Rxe1+ 60. Kxe1
Rd1+ 0-1

[Event "SVK 3.liga A2"]
[Site "?"]
[Date "2019.10.20"]
[Round "2.2"]
[White "Bzdusek, Jan"]
[Black "Rozsas, Daniel"]
[Result "1-0"]
[WhiteElo "1798"]
[BlackElo "1713"]
[PlyCount "55"]
[EventDate "2019.10.06"]

1. d4 Nf6 2. c4 e6 3. Bg5 h6 4. Bh4 Bb4+ 5. Nc3 g5 6. Bg3 Ne4 7. Rc1 Nxg3 8.
hxg3 d5 9. e3 Nc6 10. Nf3 a6 11. a3 Bf8 12. Bd3 Bg7 13. cxd5 exd5 14. Bb1 Be6
15. Na4 Qd6 16. Nc5 b6 17. Nxe6 Qxe6 18. O-O O-O-O 19. Bd3 Kb7 20. Qa4 Na5 21.
Rc2 Qe8 22. Qb4 Bf8 23. Qc3 c5 24. dxc5 d4 25. exd4 Bg7 26. cxb6 Nc6 27. Qc4
Ra8 28. d5 1-0

[Event "SVK 3.liga A2"]
[Site "?"]
[Date "2019.10.20"]
[Round "2.2"]
[White "Szabo, Viktor"]
[Black "Curidlo, Jan"]
[Result "0-1"]
[WhiteElo "1492"]
[BlackElo "1832"]
[PlyCount "120"]
[EventDate "2019.10.06"]

1. c4 c5 2. e4 d6 3. Nc3 a6 4. h3 Nc6 5. Nf3 Nf6 6. d4 cxd4 7. Nxd4 Nxd4 8.
Qxd4 e6 9. Be3 Be7 10. Be2 Qc7 11. O-O Bd7 12. Rad1 O-O 13. Qb6 Qc6 14. f3 Rac8
15. a3 h6 16. Qxc6 Bxc6 17. Rd2 Nd7 18. Bf4 Ne5 19. Bxe5 dxe5 20. b4 b6 21. Rb1
Rcd8 22. Rbd1 Rxd2 23. Rxd2 Rd8 24. Rxd8+ Bxd8 25. b5 axb5 26. cxb5 Bb7 27. Bc4
Kf8 28. Kf2 Ke7 29. Ke3 Kd6 30. Na4 Kc7 31. Nc3 Be7 32. a4 Kd6 33. Na2 Kc5 34.
Bb3 Bg5+ 35. Kd3 Bf4 36. Bc4 Bc8 37. Kc3 Be3 38. Kb3 Bd2 39. Nc3 Kd4 40. Ne2+
Ke3 41. Ng3 Kf2 42. Nh5 g6 43. Nf6 Kxg2 44. Ne8 Kxf3 45. Nd6 Bd7 46. Nxf7 Kxe4
47. Nd8 Kf5 48. Kc2 Be1 49. Kd1 Bb4 50. Ke2 h5 51. Kf3 e4+ 52. Ke3 Bc5+ 53. Ke2
g5 54. Nf7 Kf6 55. Nd8 g4 56. hxg4 hxg4 57. Kf1 Ke5 58. Be2 Kf4 59. Nb7 Bb4 60.
Kf2 e5 0-1

[Event "SVK 3.liga A2"]
[Site "?"]
[Date "2019.10.20"]
[Round "2.2"]
[White "Orvisky, Vladimir"]
[Black "Sido, Daniel"]
[Result "1-0"]
[WhiteElo "1686"]
[BlackElo "1606"]
[PlyCount "160"]
[EventDate "2019.10.06"]

1. c4 e5 2. Nc3 c5 3. Nf3 d6 4. g3 h6 5. Bg2 Nf6 6. d3 Be7 7. O-O O-O 8. a3 Nc6
9. Rb1 Rb8 10. b4 Qc7 11. Qc2 Be6 12. Be3 b6 13. h3 Qd7 14. Kh2 Rfd8 15. Rfd1
Qc7 16. Nb5 Qc8 17. Nd2 Ra8 18. Nc3 Rb8 19. b5 Na5 20. Nb3 Nxb3 21. Qxb3 d5 22.
Bd2 d4 23. Ne4 Nxe4 24. Bxe4 g5 25. Bg2 f5 26. a4 Rf8 27. a5 Kg7 28. axb6 axb6
29. Ra1 h5 30. Ra7 Rf7 31. Rda1 Bd6 32. Rxf7+ Kxf7 33. Ra7+ Kf6 34. Qa4 h4 35.
gxh4 gxh4 36. Rh7 f4 37. Rxh4 Qg8 38. Qa7 Qg5 39. Rh7 Rg8 40. Qb7 Bc8 41. Qf3
Bf5 42. Rb7 Qh4 43. Rxb6 Ke7 44. Qb7+ Bd7 45. Rxd6 Rxg2+ 46. Qxg2 Kxd6 47. Ba5
Qh6 48. Bd8 Qe6 49. h4 Qf7 50. Qg5 Qe6 51. Qf6 Qxf6 52. Bxf6 Ke6 53. Bd8 Kf7
54. Kg2 Bg4 55. Kf1 Ke8 56. Bf6 f3 57. exf3 Bxf3 58. Bxe5 Kd7 59. Ke1 Ke6 60.
Bg3 Kf5 61. Kd2 Kg4 62. Bd6 Kxh4 63. Bxc5 Kg4 64. Bxd4 Kf4 65. c5 Kf5 66. c6
Ke6 67. Bc5 Kf7 68. c7 Bb7 69. f4 Ke6 70. d4 Kf5 71. Ke3 Ke6 72. b6 Kf5 73. Bd6
Ke6 74. Kd3 Kf5 75. Kc4 Ke4 76. Be5 Kf5 77. Kc5 Ke6 78. Bh8 Kf5 79. Kd6 Kxf4
80. Kd7 Ke4 1-0

[Event "SVK 3.liga A2"]
[Site "?"]
[Date "2019.10.20"]
[Round "2.3"]
[White "Jozefek, Michal"]
[Black "Babirat, Michal"]
[Result "1/2-1/2"]
[WhiteElo "2214"]
[BlackElo "1863"]
[PlyCount "61"]
[EventDate "2019.10.06"]

1. d4 Nf6 2. c4 e6 3. Nc3 d5 4. cxd5 exd5 5. Bg5 Be7 6. e3 O-O 7. Bd3 c6 8. Qc2
h6 9. Bh4 b6 10. Rc1 Bb7 11. Nge2 c5 12. dxc5 bxc5 13. O-O Nc6 14. Rfd1 Nb4 15.
Qb1 Nxd3 16. Qxd3 Qa5 17. Qf5 Rad8 18. b3 Qa6 19. h3 Qe6 20. Qc2 g5 21. Bg3 Rd7
22. Bh2 Rfd8 23. Na4 d4 24. exd4 cxd4 25. Ng3 d3 26. Qc4 d2 27. Rc2 Qe1+ 28.
Qf1 Qxf1+ 29. Nxf1 Bb4 30. Be5 Nh5 31. a3 1/2-1/2

[Event "SVK 3.liga A2"]
[Site "?"]
[Date "2019.10.20"]
[Round "2.3"]
[White "Holicky, Miroslav"]
[Black "Koutny, Petr"]
[Result "0-1"]
[WhiteElo "1741"]
[BlackElo "2245"]
[PlyCount "76"]
[EventDate "2019.10.06"]

1. d4 d5 2. Nf3 Nf6 3. g3 Nc6 4. Bg2 Bf5 5. c3 Qd7 6. Nbd2 Bh3 7. O-O h5 8. Re1
Bxg2 9. Kxg2 h4 10. gxh4 g5 11. Rg1 gxh4 12. Kh1 Ng4 13. Rg2 h3 14. Rxg4 Qxg4
15. Qg1 Qxg1+ 16. Nxg1 O-O-O 17. Ndf3 f6 18. Bf4 Bg7 19. Bg3 Rh5 20. e3 e5 21.
Rb1 Ne7 22. b4 Kd7 23. a4 c6 24. a5 Nf5 25. Ne2 Nd6 26. Nd2 Nb5 27. Nb3 Bf8 28.
Rc1 Na3 29. Nd2 Bd6 30. Kg1 Rhh8 31. Kh1 b6 32. Kg1 bxa5 33. dxe5 fxe5 34. Nf3
axb4 35. cxb4 Nc4 36. Ra1 Ra8 37. b5 c5 38. Nc3 e4 0-1

[Event "SVK 3.liga A2"]
[Site "?"]
[Date "2019.10.20"]
[Round "2.3"]
[White "Kucharek, Jaroslav"]
[Black "Drahos, Miroslav"]
[Result "1-0"]
[WhiteElo "2048"]
[BlackElo "1708"]
[PlyCount "101"]
[EventDate "2019.10.06"]

1. c4 Nf6 2. Nc3 c5 3. Nf3 g6 4. d4 Bg7 5. e4 cxd4 6. Nxd4 Nc6 7. Be3 O-O 8.
Be2 d6 9. Qd2 Nxd4 10. Bxd4 Be6 11. O-O Nd7 12. Nb5 Nc5 13. f3 a6 14. Bxg7 Kxg7
15. Nd4 Bd7 16. Rfc1 Kg8 17. b4 Ne6 18. Nb3 b6 19. a3 Ba4 20. Nd4 Nxd4 21. Qxd4
Bd7 22. Rd1 Be6 23. Rac1 Rc8 24. f4 Qc7 25. g4 f6 26. Rc3 Rcd8 27. Rdc1 Bf7 28.
Qf2 h6 29. Qe3 Kg7 30. h4 a5 31. Kg2 axb4 32. axb4 Ra8 33. c5 dxc5 34. bxc5
bxc5 35. Rxc5 Qb6 36. h5 Rac8 37. hxg6 Rxc5 38. Qxc5 Qxc5 39. Rxc5 Bxg6 40. f5
Bh7 41. Rc7 Rf7 42. Bc4 e6 43. Rxf7+ Kxf7 44. Bxe6+ Ke7 45. Kg3 Kd6 46. Kh4 Ke5
47. Kh5 Kxe4 48. Kxh6 Bxf5 49. gxf5 Kf4 50. Kg6 Ke5 51. Ba2 1-0

[Event "SVK 3.liga A2"]
[Site "?"]
[Date "2019.10.20"]
[Round "2.3"]
[White "Sottnik, Filip"]
[Black "Hrubsa, Marian"]
[Result "0-1"]
[WhiteElo "1684"]
[BlackElo "1870"]
[PlyCount "74"]
[EventDate "2019.10.06"]

1. e4 e6 2. Nf3 d5 3. exd5 exd5 4. Be2 Bd6 5. O-O Nf6 6. d4 O-O 7. Bg5 Bg4 8.
Nbd2 Nbd7 9. c4 dxc4 10. Nxc4 Be7 11. Rc1 Nd5 12. Bxe7 Qxe7 13. Re1 Rfe8 14.
Rc2 Bxf3 15. gxf3 Nf4 16. Ne3 Qg5+ 17. Kh1 Qh4 18. Rg1 Nh3 19. Ng4 Nxg1 20.
Kxg1 Rac8 21. Bc4 Qg5 22. Kh1 h5 23. Ne3 c6 24. Rc1 Nb6 25. Bb3 Nd5 26. Ng2 Nf4
27. Nxf4 Qxf4 28. Rc3 Rcd8 29. Rd3 Re7 30. d5 Rde8 31. Qd2 Re1+ 32. Kg2 Qf6 33.
f4 h4 34. dxc6 Qg6+ 35. Kh3 Rg1 36. Bxf7+ Qxf7 37. Kxh4 Qf6+ 0-1

[Event "SVK 3.liga A2"]
[Site "?"]
[Date "2019.10.20"]
[Round "2.3"]
[White "Vach, Jozef"]
[Black "Benkovsky, Peter"]
[Result "1/2-1/2"]
[WhiteElo "1704"]
[BlackElo "1648"]
[PlyCount "74"]
[EventDate "2019.10.06"]

1. d4 Nf6 2. Nf3 d5 3. g3 e6 4. Bg2 Bd6 5. b3 Nbd7 6. Bb2 b6 7. Ne5 Bb7 8. Nd2
c5 9. e3 Qc7 10. f4 O-O 11. O-O Rac8 12. Rc1 b5 13. Ndf3 c4 14. c3 Ne4 15. Nxd7
Qxd7 16. Nd2 Nxd2 17. Qxd2 f5 18. Bf3 Rf6 19. Rf2 Re8 20. Rg2 Qe7 21. Kh1 g6
22. Rcg1 h5 23. h3 Rf7 24. Qf2 Rh7 25. Rh2 a6 26. g4 hxg4 27. hxg4 Rxh2+ 28.
Qxh2 Qh7 29. Qxh7+ Kxh7 30. Rg2 Rh8 31. Kg1 Kg7 32. Rh2 Rxh2 33. Kxh2 Bc6 34.
Kg3 Kh6 35. g5+ Kg7 36. a3 Kf7 37. Bd1 a5 1/2-1/2

[Event "SVK 3.liga A2"]
[Site "?"]
[Date "2019.10.20"]
[Round "2.3"]
[White "Kosticky, Simon"]
[Black "Vepy, Ivan"]
[Result "1/2-1/2"]
[WhiteElo "1719"]
[BlackElo "1829"]
[PlyCount "67"]
[EventDate "2019.10.06"]

1. c4 Nf6 2. Nc3 d5 3. cxd5 Nxd5 4. g3 Nxc3 5. bxc3 e5 6. Bg2 Bd6 7. Rb1 c6 8.
d3 O-O 9. Nf3 Qe7 10. O-O h6 11. a4 Nd7 12. Nd2 Nf6 13. Qb3 Rb8 14. Nc4 Be6 15.
Qc2 Bxc4 16. dxc4 Bc5 17. Qf5 Rfd8 18. g4 Rd6 19. g5 Nd7 20. gxh6 g6 21. Qg4
Kh7 22. h4 a5 23. h5 Nb6 24. Rxb6 Bxb6 25. Ba3 Qe6 26. Qg3 Rdd8 27. Bh3 Qf6 28.
hxg6+ Qxg6 29. Bf5 Rg8 30. Bxg6+ Rxg6 31. Qxg6+ Kxg6 32. Bd6 Rc8 33. Bxe5 Re8
34. Bd4 1/2-1/2

[Event "SVK 3.liga A2"]
[Site "?"]
[Date "2019.10.20"]
[Round "2.3"]
[White "Krakovsky, Peter"]
[Black "Nemcovic, Peter"]
[Result "1-0"]
[WhiteElo "1652"]
[BlackElo "1635"]
[PlyCount "67"]
[EventDate "2019.10.06"]

1. c4 e5 2. Nc3 f5 3. e4 Nf6 4. d3 Bc5 5. Be2 O-O 6. Nf3 d6 7. Bg5 c6 8. O-O h6
9. Bd2 a5 10. a3 f4 11. Qc2 g5 12. Na4 Ba7 13. c5 Be6 14. cxd6 g4 15. Nxe5 b5
16. Nc5 Qxd6 17. Nxe6 Qxe6 18. Ng6 Nh5 19. Nxf8 Kxf8 20. Qc3 Ke7 21. Qh8 Qf7
22. Bxg4 Nf6 23. Bf5 f3 24. Qxh6 fxg2 25. Kxg2 Nbd7 26. Kh1 Bd4 27. Bc3 Be5 28.
f4 Bxc3 29. bxc3 Ng8 30. Qxc6 Rd8 31. Qxb5 Nh6 32. Rab1 Qa2 33. Rg1 Rb8 34.
Qxd7+ 1-0

[Event "SVK 3.liga A2"]
[Site "?"]
[Date "2019.10.20"]
[Round "2.3"]
[White "Fajnor, Dusan"]
[Black "Petrek, David"]
[Result "0-1"]
[WhiteElo "1645"]
[BlackElo "1655"]
[PlyCount "66"]
[EventDate "2019.10.06"]

1. d4 d5 2. c4 c6 3. Nc3 Nf6 4. cxd5 Nxd5 5. Nf3 Bf5 6. e4 Nxc3 7. bxc3 Bxe4 8.
Bd3 Bxd3 9. Qxd3 Nd7 10. Bf4 e6 11. O-O Be7 12. Rfd1 O-O 13. c4 Nb6 14. a4 Nd7
15. Rab1 b6 16. Rb3 Nf6 17. Ne5 Qc7 18. Qf3 Bd6 19. Bg3 Rad8 20. Kh1 c5 21. Nc6
Rc8 22. Bxd6 Qxd6 23. d5 Rc7 24. Rbd3 e5 25. Qf5 a5 26. Qxe5 Rxc6 27. Qxf6 Qxf6
28. dxc6 Qxc6 29. Ra1 Re8 30. Kg1 Qe4 31. Re3 Qc6 32. Rd3 g6 33. Kf1 Qe6 0-1

[Event "SVK 3.liga A2"]
[Site "?"]
[Date "2019.10.20"]
[Round "2.4"]
[White "Sebesta, Radovan"]
[Black "Liptak, Tomas"]
[Result "0-1"]
[WhiteElo "1999"]
[BlackElo "2194"]
[PlyCount "120"]
[EventDate "2019.10.06"]

1. d4 Nf6 2. c4 g6 3. Nc3 Bg7 4. e4 d6 5. f3 O-O 6. Bg5 c5 7. d5 e6 8. Qd2 h6
9. Be3 exd5 10. cxd5 Re8 11. Bd3 Nbd7 12. Nge2 Ne5 13. O-O Bd7 14. Rae1 a6 15.
b3 Nxd3 16. Qxd3 b5 17. h3 Rc8 18. Qd2 Kh7 19. Ng3 Qa5 20. Nb1 b4 21. Rc1 Qb5
22. Qf2 Qb8 23. Rfd1 Bb5 24. Kh1 Qb7 25. Nd2 Qe7 26. Re1 Nd7 27. Nc4 h5 28. Bf4
Bxc4 29. Rxc4 h4 30. Nf1 Be5 31. Bd2 Bd4 32. Rxd4 cxd4 33. Qxd4 a5 34. Ne3 Rc5
35. Bc1 Nf6 36. Bb2 Nh5 37. Nc4 f6 38. Qd2 Rd8 39. Bd4 Rb5 40. Ne3 Ng7 41. Ng4
Ne8 42. Qh6+ Kg8 43. Qxg6+ Qg7 44. Nh6+ Kf8 45. Qh5 Rb7 46. Nf5 Qh7 47. Qg4 Rc8
48. Nxh4 Rc2 49. Ng6+ Kf7 50. Nf4 Qg7 $11 51. Qe6+ Kf8 52. Qf5 Qh7 53. Ne6+ Kg8
54. Qg4+ Kh8 55. f4 Rd2 56. Re3 Rf7 57. Ng5 Rg7 58. Qe6 Qg6 59. Rg3 Rxd4 60.
Nf3 Rd1+ 0-1

[Event "SVK 3.liga A2"]
[Site "?"]
[Date "2019.10.20"]
[Round "2.4"]
[White "Kovacocy, Pavel"]
[Black "Palka, Miroslav"]
[Result "1-0"]
[WhiteElo "2266"]
[BlackElo "1867"]
[PlyCount "61"]
[EventDate "2019.10.06"]

1. e4 c5 2. Nf3 d6 3. d4 cxd4 4. Nxd4 Nf6 5. f3 g6 6. c4 Bg7 7. Nc3 O-O 8. Be3
Nc6 9. Qd2 Bd7 10. Be2 a6 11. O-O Rc8 12. Rab1 Ne5 13. b3 Re8 14. Rfc1 Nc6 15.
Bf1 Nxd4 16. Bxd4 e6 17. Rd1 Bc6 18. Qf2 Qe7 19. b4 e5 20. Be3 Nh5 21. b5 axb5
22. cxb5 Bd7 23. Nd5 Qf8 24. Nb6 Rc7 25. Qd2 Be6 26. Rbc1 Rxc1 27. Rxc1 Qe7 28.
Bc4 Bf8 29. Bd5 Bxd5 30. Nxd5 Qd7 31. g4 1-0

[Event "SVK 3.liga A2"]
[Site "?"]
[Date "2019.10.20"]
[Round "2.4"]
[White "Skapikova, Lubica"]
[Black "Sarmir, Milos"]
[Result "0-1"]
[WhiteElo "1822"]
[BlackElo "2081"]
[PlyCount "92"]
[EventDate "2019.10.06"]

1. e4 e5 2. Nf3 Nc6 3. Bb5 a6 4. Ba4 Nf6 5. d3 d6 6. c3 Be7 7. O-O O-O 8. Nbd2
b5 9. Bc2 Bd7 10. Re1 b4 11. Ba4 a5 12. Nf1 Re8 13. Ng3 Bf8 14. Nf5 Ne7 15.
Bxd7 Nxd7 16. Bg5 f6 17. Qb3+ Kh8 18. Nxe7 Qxe7 19. Be3 Reb8 20. Qc2 c5 21. Nh4
g6 22. Qd2 Rb7 23. c4 Bg7 24. Bh6 Nf8 25. Bxg7+ Kxg7 26. f4 Ne6 27. f5 Nd4 28.
Qf2 b3 29. axb3 Rxb3 30. fxg6 hxg6 31. Ra3 Rxa3 32. bxa3 Rb8 33. Nf3 Ne6 34.
Qc2 Qb7 35. Nd2 Qb2 36. Qd1 Nf4 37. Re3 Qd4 38. Qf3 Rb2 39. Nf1 Nxd3 40. Qh3
Nf4 41. Qd7+ Kh6 42. Qd8 Rxg2+ 43. Kh1 Qd1 44. Qh8+ Kg5 45. Rf3 Qxf3 46. h4+
Kg4 0-1

[Event "SVK 3.liga A2"]
[Site "?"]
[Date "2019.10.20"]
[Round "2.4"]
[White "Puchart, Vladimir"]
[Black "Huska, Branislav"]
[Result "1-0"]
[WhiteElo "2016"]
[BlackElo "1849"]
[PlyCount "55"]
[EventDate "2019.10.06"]

1. d4 Nf6 2. c4 e6 3. g3 Bb4+ 4. Bd2 Bxd2+ 5. Qxd2 O-O 6. Bg2 d6 7. Nc3 e5 8.
Nf3 Nc6 9. O-O h6 10. Rfd1 e4 11. Ne1 Bf5 12. Qf4 Qd7 13. Nxe4 Bxe4 14. Bxe4
Rfe8 15. Bf3 Ne7 16. Ng2 c6 17. Qd2 d5 18. Rac1 Ng6 19. Ne3 h5 20. Qa5 b6 21.
Qa4 h4 22. cxd5 hxg3 23. hxg3 b5 24. dxc6 Qc7 25. Qa3 Rad8 26. d5 Ne5 27. d6
Qb6 28. d7 1-0

[Event "SVK 3.liga A2"]
[Site "?"]
[Date "2019.10.20"]
[Round "2.4"]
[White "Lanik, Miroslav"]
[Black "Markuliak, Mario"]
[Result "1/2-1/2"]
[WhiteElo "1848"]
[BlackElo "1848"]
[PlyCount "84"]
[EventDate "2019.10.06"]

1. e4 e5 2. Nf3 Nc6 3. Bb5 Nf6 4. d3 d6 5. h3 Be7 6. c3 O-O 7. O-O h6 8. Re1 a6
9. Ba4 b5 10. Bc2 Bb7 11. Nbd2 Qd7 12. Nf1 Rfe8 13. Ng3 Bf8 14. Be3 Rad8 15.
Nf5 Ne7 16. Nxe7+ Qxe7 17. b4 c5 18. a4 Qc7 19. axb5 axb5 20. bxc5 dxc5 21. Qe2
Ra8 22. Nh2 Ra6 23. Rxa6 Bxa6 24. Ra1 Ra8 25. Ng4 Nxg4 26. Qxg4 Bc8 27. Qd1
Rxa1 28. Qxa1 Be6 29. Qb2 Qa5 30. Bc1 Be7 31. Qa3 Qxa3 32. Bxa3 b4 33. Bb2 f6
34. c4 Bd7 35. Kf1 Kf7 36. Ke2 Ke6 37. Bb3 Kd6 38. f3 Kc7 39. g4 Kb6 40. Kd1
Ka5 41. Kc2 Ba4 42. Bc1 g5 $11 1/2-1/2

[Event "SVK 3.liga A2"]
[Site "?"]
[Date "2019.10.20"]
[Round "2.4"]
[White "Vlkovic, Pavol"]
[Black "Kir, Kvetoslav"]
[Result "1-0"]
[WhiteElo "1841"]
[BlackElo "1779"]
[PlyCount "91"]
[EventDate "2019.10.06"]

1. e4 e6 2. d3 d5 3. Qe2 Nf6 4. Nf3 c5 5. c3 Nc6 6. g3 Be7 7. Bg2 O-O 8. O-O b6
9. e5 Nd7 10. Bf4 h6 11. h4 a5 12. Na3 Ba6 13. Rfe1 b5 14. Nc2 Rc8 15. Rad1 Re8
16. Nh2 Nf8 17. h5 Bg5 18. Nf3 Bxf4 19. gxf4 Ne7 20. Bh3 Rc6 21. Kh2 Nf5 22.
Bxf5 exf5 23. Rg1 Bb7 24. Qf1 g6 25. Qh3 Kh7 26. Ne3 Bc8 27. hxg6+ fxg6 28. Qg2
Rb6 29. Nxd5 Ra6 30. Nf6+ Rxf6 31. exf6 Qxf6 32. Rde1 Rd8 33. Re3 Ne6 34. Qg3
Bb7 35. Nh4 Rg8 36. Rge1 Bc8 37. Re5 Rg7 38. Nf3 g5 39. fxg5 Nxg5 40. Nxg5+
hxg5 41. d4 Kg6 42. d5 Rh7+ 43. Kg1 Bb7 44. f3 f4 45. Qg2 Kh5 46. Qg4+ 1-0

[Event "SVK 3.liga A2"]
[Site "?"]
[Date "2019.10.20"]
[Round "2.4"]
[White "Havlicek, Peter"]
[Black "Vagovsky, Jozef"]
[Result "1/2-1/2"]
[WhiteElo "1711"]
[BlackElo "1783"]
[PlyCount "66"]
[EventDate "2019.10.06"]

1. e4 c6 2. d4 d5 3. exd5 cxd5 4. Nc3 Nf6 5. Nf3 Bg4 6. Qd3 Bd7 7. Ne5 Nc6 8.
Nxd7 Qxd7 9. a3 Rc8 10. Be2 e6 11. Be3 Bd6 12. O-O O-O 13. f4 Ne7 14. Rf3 Nf5
15. Qd2 Ne4 16. Nxe4 dxe4 17. Rf2 Nxe3 18. Qxe3 Rxc2 19. Bb5 Qc7 20. Qxe4 Rxf2
21. Kxf2 Bxf4 22. Bd3 g6 23. h4 Bh6 24. Rh1 Rd8 25. Rd1 Qf4+ 26. Qxf4 Bxf4 27.
Be4 b6 28. d5 h5 29. Rd3 exd5 30. Bxd5 $11 Kg7 31. b3 Bd6 32. a4 Re8 33. Kf3
Bc5 1/2-1/2